| 000 | 00366nam a2200121Ia 4500 | ||
|---|---|---|---|
| 008 | 211119s9999||||xx |||||||||||||| ||und|| | ||
| 082 |
_a294.3 _bSUG-B |
||
| 100 | _aSugathan, K | ||
| 245 | 0 | _aBudhanum Nanuguruvum | |
| 260 |
_bMathrubhumi Books _aKottayam _c2005 |
||
| 650 |
_aReligion _vReligions of Indic originhinduismEconomics _xPGR-GANDHIAN STUDIES |
||
| 942 | _cBOOK | ||
| 999 |
_c110944 _d110944 |
||